| 000 | 00476nam a22001577a 4500 | ||
|---|---|---|---|
| 008 | 230510b |||||||| |||| 00| 0 eng d | ||
| 040 |
_aNational Science Library _cNational Science Library |
||
| 080 |
_a802.0-54 _bK5 |
||
| 100 |
_aAyers, Donald M _98596 |
||
| 245 | _aEnglish words from Latin and Greek elements | ||
| 260 |
_aTucson: _bThe University of Arizona Press, _c1965 |
||
| 300 | _axiii, 271p. | ||
| 650 | _aLinguistics | ||
| 653 | _aEnglish | ||
| 942 |
_2udc _cREF |
||
| 999 |
_c28576 _d28576 |
||